|
|
|
|
| LEADER |
01649nam a2200397 i 4500 |
| 001 |
EBC6955925 |
| 003 |
MiAaPQ |
| 005 |
20221124221801.0 |
| 006 |
m o d | |
| 007 |
cr cnu|||||||| |
| 008 |
221124s2017 gw a ob 000 0 eng d |
| 020 |
|
|
|z 9783837633528
|q (print)
|
| 020 |
|
|
|a 9783839433522
|q (electronic bk.)
|
| 035 |
|
|
|a (MiAaPQ)EBC6955925
|
| 035 |
|
|
|a (Au-PeEL)EBL6955925
|
| 035 |
|
|
|a (OCoLC)1149175049
|
| 040 |
|
|
|a MiAaPQ
|b eng
|e rda
|e pn
|c MiAaPQ
|d MiAaPQ
|
| 050 |
|
4 |
|a HV6431
|b .M574 2017
|
| 082 |
0 |
|
|a 363.325
|2 23
|
| 100 |
1 |
|
|a Mirgani, Suzi,
|e author.
|
| 245 |
1 |
0 |
|a Target markets :
|b international terrorism meets global capitalism in the mall /
|c Suzi Mirgani.
|
| 264 |
|
1 |
|a Bielefeld, Germany :
|b Transcript Verlag,
|c [2017]
|
| 264 |
|
4 |
|c Ã2017
|
| 300 |
|
|
|a 1 online resource (199 pages) :
|b illustrations
|
| 336 |
|
|
|a text
|b txt
|2 rdacontent
|
| 337 |
|
|
|a computer
|b c
|2 rdamedia
|
| 338 |
|
|
|a online resource
|b cr
|2 rdacarrier
|
| 504 |
|
|
|a Includes bibliographical references.
|
| 588 |
|
|
|a Description based on print version record.
|
| 590 |
|
|
|a Electronic reproduction. Ann Arbor, MI : ProQuest, 2018. Available via World Wide Web. Access may be limited to ProQuest affiliated libraries.
|
| 650 |
|
0 |
|a Target marketing.
|
| 650 |
|
0 |
|a Capitalism.
|
| 655 |
|
4 |
|a Electronic books.
|
| 776 |
0 |
8 |
|i Print version:
|a Mirgani, Suzi.
|t Target markets : international terrorism meets global capitalism in the mall.
|d Bielefeld, Germany : Transcript Verlag, c2017
|h 199 pages
|z 9783837633528
|
| 797 |
2 |
|
|a ProQuest (Firm)
|
| 856 |
4 |
0 |
|u https://ebookcentral.proquest.com/lib/matrademy/detail.action?docID=6955925
|z Click to View
|